| 000 | 00443 a2200133 4500 | ||
|---|---|---|---|
| 001 | 93272 | ||
| 082 | _aPR 2586 | ||
| 090 |
_c44787 _d44788 |
||
| 100 | _aHussnain Haider; Prof Dr Zaheer ud din Baber & Ibraheem Hanif (Advisors) | ||
| 245 |
_aModeling and Simulation of Graphene Nanocomposites and their Possible Application in Aerospace Industry _n80'A' EC |
||
| 260 |
_aIslamabad _bNUST _c2016 |
||
| 300 | _a64p. | ||
| 500 | _aBE Project Report | ||
| 942 |
_aCAE NUST _kPR 2586 |
||
| 999 |
_c328345 _d328345 |
||